| 000 | 00966nam a22001937a 4500 | ||
|---|---|---|---|
| 999 |
_c59257 _d59257 |
||
| 003 | Ge_BSU | ||
| 005 | 20221226101955.0 | ||
| 008 | 221226s1982ge xxu||||| |||| 00| 0 geo d | ||
| 041 | _ageo | ||
| 080 | _a39(479.22)+902.2(479.222.11) რ-97 | ||
| 100 |
_aრუხაძე, ჯულიეტა, ავტ. _916567 |
||
| 245 |
_aვანის დღიურის ფურცლები : _b[ეთნოგრაფიული ნარკვევი] / _c ჯ. რუხაძე, რედ. ე.მაისურაძე |
||
| 264 |
_aთბილისი : _bსაბჭ. საქართველო, _c 1982. |
||
| 300 |
_a89 გვ. : _bილ. 2 ფ. ; _c21 სმ. |
||
| 653 | _aსაქართველოს ეთნოგრაფია | ||
| 653 | _aვანის არქეოლოგიური გათხრები. | ||
| 700 |
_aმაისურაძე, ე _eრედაქტორი _916568 |
||
| 942 |
_2udc _cBK |
||